000 00628nam a2200241Ia 4500
003 OSt
005 20221005073232.0
006 a|||||r|||| 00| 0
007 ta
008 221004b |||||||| |||| 00| 0 eng d
024 _a71638
037 _cTextual
040 _aCRL
_cCRL
_beng
041 _2eng
_aeng
082 _aY150gT, N3
100 _aSuryakumari A Ed.
_9607844
245 0 _aWomen's studies
_b An emerging discipline
260 _aNew Delhi
_bGyan
_c1993
300 _a124p
_ccm.
650 _aSOCIOLOGY
942 _hY150gT, N3
_cTEXL
_2cc
999 _c980789
_d980789